00672nam a2200145Ia 4500082001200000100001500012245018700027260004700214504002600261650004900287650006300336650005800399650005400457710001500511 aTD.0305 aDas, Megha 0aStudy of mental awareness and attitude of elementary school students, their teacher and parents of Sagar District towards food nutrition health education and environmental sanitation c2008bHarisingh Gour Viswavidyalaya, Sagar aincludes bibliography aSchool childrenvFoodzIndiazSagar District aSchool childrenvHealth and hygienezIndiazSagar District aSchool childrenvMental healthzIndiazSagar District aElementary school teacherszIndiazSagar District aRani Dudey